Africa and the world trading system: selected issues of the Doha agenda (Record no. 33673)

MARC details
000 -LEADER
fixed length control field 00834nam a2200205 a 4500
008 - FIXED-LENGTH DATA ELEMENTS--GENERAL INFORMATION
fixed length control field 081125s2005 ||||||||||||||||| || u
020 ## - INTERNATIONAL STANDARD BOOK NUMBER
International Standard Book Number 159221133X
050 ## - LIBRARY OF CONGRESS CALL NUMBER
Classification number HF 1611 Afri
100 ## - MAIN ENTRY--PERSONAL NAME
Personal name Oyejide, Ademola
245 10 - TITLE STATEMENT
Title Africa and the world trading system: selected issues of the Doha agenda
Statement of responsibility, etc. edited by Ademola Oyejide; William Lyakurwa
260 ## - PUBLICATION, DISTRIBUTION, ETC.
Place of publication, distribution, etc. Trenton
Name of publisher, distributor, etc. Africa World Press
Date of publication, distribution, etc. 2005
300 ## - PHYSICAL DESCRIPTION
Extent iv, 395p.: ill.
350 ## - PRICE (NR) (BK AM CF MU VM SE) [OBSOLETE]
Price 0.00
650 ## - SUBJECT ADDED ENTRY--TOPICAL TERM
Topical term or geographic name entry element AFRICA--COMMERCE
650 ## - SUBJECT ADDED ENTRY--TOPICAL TERM
Topical term or geographic name entry element TRADE POLICY--ZIMBABWE
650 #0 - SUBJECT ADDED ENTRY--TOPICAL TERM
Topical term or geographic name entry element AFRICA--COMMERCIAL POLICY
650 #0 - SUBJECT ADDED ENTRY--TOPICAL TERM
Topical term or geographic name entry element INTERNATIONAL ECONOMIC RELATIONS--HANDBOOKS, MANUALS, E.T.C
700 ## - ADDED ENTRY--PERSONAL NAME
Personal name Lyakurwa, William
995 ## - RECOMMENDATION 995 [LOCAL, UNIMARC FRANCE]
-- 0.00
-- CBU-MAIN LIBRARY (Kitwe)
-- 1
-- 0.00
-- 1
-- AVAILABLE
-- Nov 25, 2008
-- Main Library Open Access Collection
Holdings
Withdrawn status Lost status Source of classification or shelving scheme Damaged status Not for loan Home library Current library Shelving location Date acquired Total Checkouts Full call number Barcode Date last seen Price effective from Koha item type
          CBU-MAIN LIBRARY, KITWE. CBU-MAIN LIBRARY, KITWE.   11/30/2022   HF 1611 Afri 738873 11/30/2022 11/30/2022 MONOGRAPH